Applied and fundamental aspects of plant cell tissue and organ culture. (Record no. 28760)

MARC details
000 -LEADER
fixed length control field 00519nam a2200181Ia 4500
082 ## - DEWEY DECIMAL CLASSIFICATION NUMBER
Classification number 57.085.23:581
Item number REI
100 ## - MAIN ENTRY--AUTHOR NAME
Personal name BAJAJ, Y P S
245 #0 - TITLE STATEMENT
Title Applied and fundamental aspects of plant cell tissue and organ culture.
260 ## - PUBLICATION, DISTRIBUTION, ETC. (IMPRINT)
Place of publication Berlin
Name of publisher Springer
Year of publication 1977
650 ## - SUBJECT ADDED ENTRY--TOPICAL TERM
Topical Term Anther culture
650 ## - SUBJECT ADDED ENTRY--TOPICAL TERM
Topical Term Cell suspension technique
650 ## - SUBJECT ADDED ENTRY--TOPICAL TERM
Topical Term Cryobiology
650 ## - SUBJECT ADDED ENTRY--TOPICAL TERM
Topical Term Plant cell culture
650 ## - SUBJECT ADDED ENTRY--TOPICAL TERM
Topical Term Plant tissue culture
700 ## - ADDED ENTRY--PERSONAL NAME
Personal name REINERT, J
942 ## - ADDED ENTRY ELEMENTS (KOHA)
Koha item type Books
Holdings
Withdrawn status Lost status Damaged status Not for loan Home library Current library Date acquired Full call number Accession Number Koha item type
        RRII Library RRII Library 16/12/2021 57.085.23:581 REI 09354 Books